[Event "Druzynowe Mistrzostwa Polski Juniorow - Ekstraliga 2018"]
[Site "Kudowa-Zdroj"]
[Date "1899-12-30"]
[Round "6.23"]
[White "Koruch, Maria"]
[Black "Harazinska, Magdalena"]
[Result "1/2-1/2"]
[WhiteTitle "I"]
[BlackTitle "k"]
[WhiteElo "1714"]
[BlackElo "1997"]

1. e4 c5 2. Nf3 d6 3. d4 cxd4 4. Nxd4 Nf6 5. Nc3 a6 6. Be3 Ng4 7. Bg5 h6 8. Bh4
g5 9. Bg3 Bg7 10. h3 Ne5 11. Qd2 Nbc6 12. O-O-O Nxd4 13. Qxd4 Be6 14. Nd5 Bxd5
15. Qxd5 Qb6 16. Qb3 Qxb3 17. axb3 O-O 18. f4 Ng6 19. fxg5 hxg5 20. h4 gxh4 21.
Bxh4 Bh6+ 22. Kb1 Kg7 23. Bc4 b5 24. Bd5 Rab8 25. b4 Bf4 26. Rd3 e6 27. Bb3 Rh8
28. Rdh3 Nxh4 29. Rxh4 Rxh4 30. Rxh4 Bg5 31. Rh3 Rh8 32. Rxh8 Kxh8 33. c3 Kg7
34. Bd1 Kg6 35. Bf3 Bf4 36. Kc2 Kg5 1/2-1/2

[Event "Druzynowe Mistrzostwa Polski Juniorow - Ekstraliga 2018"]
[Site "Kudowa-Zdroj"]
[Date "1899-12-30"]
[Round "6.24"]
[White "Pawicka, Magdalena"]
[Black "Arciszewska, Zuzanna"]
[Result "1-0"]
[WhiteTitle "I"]
[BlackTitle "I"]
[WhiteElo "1718"]
[BlackElo "1301"]

1. e4 e5 2. Nf3 Nc6 3. d4 exd4 4. Nxd4 Bc5 5. Be3 Qf6 6. c3 Nge7 7. Qd2 h6 8. Nb5
Bxe3 9. Qxe3 Kd8 10. Be2 a6 11. Nd4 d6 12. Nxc6+ Nxc6 13. O-O Be6 14. Nd2 Kd7
15. Bc4 Rae8 16. Bxe6+ Rxe6 17. Nb3 Qh4 18. f3 f5 19. Nd4 Nxd4 20. Qxd4 Rg8 21.
exf5 Qxd4+ 22. cxd4 Re2 23. Rf2 Rge8 24. Kf1 R2e3 25. Rd1 Ke7 26. g4 Kf6 27. Kg2
Kg5 28. Kg3 Re2 29. Rd2 R2e3 30. h4+ Kf6 31. Kf4 Re1 32. g5+ hxg5+ 33. hxg5+ Kf7
34. Rh2 Rg1 35. Rh7 Ree1 36. f6 Kg6 37. Rxg7+ Kh5 38. Rh2# 1-0

[Event "Druzynowe Mistrzostwa Polski Juniorow - Ekstraliga 2018"]
[Site "Kudowa-Zdroj"]
[Date "1899-12-30"]
[Round "6.25"]
[White "Szpar, Milosz"]
[Black "Pacan-milej, Kosma"]
[Result "1-0"]
[WhiteTitle "FM"]
[BlackTitle "FM"]
[WhiteElo "2349"]
[BlackElo "2282"]

1. c4 c6 2. d4 d5 3. cxd5 cxd5 4. Nc3 Nf6 5. Nf3 Nc6 6. Bf4 Bf5 7. Qb3 Na5 8. Qa4+
Bd7 9. Qc2 e6 10. e3 Be7 11. Bd3 O-O 12. Ne5 Rc8 13. Qe2 a6 14. O-O b5 15. Rac1
Nc4 16. a3 Bc6 17. Rc2 Bb7 18. Na2 Nd7 19. Nxd7 Qxd7 20. Rfc1 a5 21. Nc3 Bc6 22.
Nb1 a4 23. h3 Qb7 24. Nc3 b4 25. axb4 Qxb4 26. Na2 Qb3 27. Bxc4 dxc4 28. Qxc4
Bb7 29. Qxb3 axb3 30. Rxc8 Bxc8 31. Nc3 Ba6 32. Ne4 Ra8 33. Rc3 Bb7 34. Nc5 Bd5
35. e4 Bxc5 36. dxc5 Bxe4 37. Rxb3 f6 38. Rb6 Kf7 39. b4 e5 40. Be3 f5 41. c6
f4 42. Bc5 Rc8 43. b5 Bd3 44. Rb7+ Ke6 45. Rxg7 Bxb5 46. c7 Bd3 47. Ba3 Bf5 48.
Re7+ Kf6 49. Bd6 e4 50. Re5 Rg8 51. Kh2 h5 52. Rc5 e3 53. fxe3 fxe3 54. Re5 Bc8
55. Rxe3 Bb7 56. Re2 Re8 57. Be7+ Bc8 58. Bd8+ 1-0

[Event "Druzynowe Mistrzostwa Polski Juniorow - Ekstraliga 2018"]
[Site "Kudowa-Zdroj"]
[Date "1899-12-30"]
[Round "6.26"]
[White "Raclawicki, Kacper"]
[Black "Mis, Mieszko"]
[Result "0-1"]
[WhiteTitle "I"]
[BlackTitle "FM"]
[WhiteElo "1799"]
[BlackElo "2291"]

1. e4 g6 2. Ne2 Bg7 3. g3 d5 4. Bg2 dxe4 5. Bxe4 Nf6 6. Bg2 e5 7. O-O O-O 8. d4
Nbd7 9. c3 c6 10. Nd2 exd4 11. Nxd4 Ne5 12. N2f3 Nxf3+ 13. Nxf3 Qb6 14. Qb3 Be6
15. Qxb6 axb6 16. Be3 Nd7 17. Rfd1 Nc5 18. Bxc5 bxc5 19. a3 Rad8 20. Ng5 Bb3 21.
Rxd8 Rxd8 22. Ne4 b6 23. a4 f5 24. Ng5 Rd2 25. Bxc6 h6 26. Nf3 Rxb2 27. a5 bxa5
28. Rxa5 Bf8 29. Ne5 Bd6 30. Ra8+ Kg7 31. Ra7+ Kf6 32. Nd7+ Ke6 33. Nb6 f4 34.
c4 Bd1 35. Bd5+ Ke5 36. gxf4+ Kd4 37. Nc8 Bxf4 38. Ne7 Bc2 39. Nc6+ Kc3 40. Ra3+
Rb3 41. Ra5 Bd6 42. Ra6 Bd3 43. Na7 Be5 44. Re6 Bf4 45. Nb5+ Kd2 46. Ra6 Bf5 47.
Ra2+ Kd3 48. Ra1 Kc2 49. Ra2+ Rb2 50. Ra3 h5 51. Rf3 Be5 52. Re3 Bd4 53. Nxd4+
cxd4 54. Re2+ 0-1

[Event "Druzynowe Mistrzostwa Polski Juniorow - Ekstraliga 2018"]
[Site "Kudowa-Zdroj"]
[Date "1899-12-30"]
[Round "6.27"]
[White "Chyzy, Jakub"]
[Black "Czernecki, Andrzej"]
[Result "1-0"]
[WhiteTitle "k"]
[BlackTitle "II+"]
[WhiteElo "2100"]
[BlackElo "1472"]

1. e4 c5 2. Nf3 Nc6 3. d4 cxd4 4. Nxd4 Nf6 5. Nc3 d6 6. Bg5 e6 7. Qd2 a6 8. O-O-O
Bd7 9. f3 Be7 10. h4 h6 11. Be3 h5 12. Bg5 Qc7 13. Kb1 O-O 14. f4 Rfe8 15. Be2
Rad8 16. Bf3 b5 17. Nce2 Na5 18. Ng3 Nc4 19. Qc1 Ng4 20. Bxg4 hxg4 21. f5 d5 22.
Bxe7 Rxe7 23. f6 gxf6 24. Nh5 f5 25. Qg5+ Kf8 26. Qg7+ Ke8 27. Qg8# 1-0

[Event "Druzynowe Mistrzostwa Polski Juniorow - Ekstraliga 2018"]
[Site "Kudowa-Zdroj"]
[Date "1899-12-30"]
[Round "6.28"]
[White "Matela, Krzysztof"]
[Black "Czernek, Tymon"]
[Result "0-1"]
[WhiteTitle "I"]
[BlackTitle "I++"]
[WhiteElo "1734"]
[BlackElo "1949"]

1. e4 c6 2. Nf3 d5 3. Nc3 Bg4 4. Be2 e6 5. d4 Nd7 6. Ng5 Bxe2 7. Qxe2 Be7 8. Nf3
dxe4 9. Nxe4 Ngf6 10. Nxf6+ Nxf6 11. Bg5 O-O 12. Bxf6 Bxf6 13. c3 Qc7 14. O-O
Rad8 15. Rfe1 Rd5 16. Rad1 Rfd8 17. Ne5 Bxe5 18. dxe5 h6 19. Rxd5 Rxd5 20. Qe3
c5 21. f4 Qd7 22. Kf2 b6 23. g4 Qd8 24. g5 Rd3 25. Qc1 h5 26. Re3 Rd1 0-1

[Event "Druzynowe Mistrzostwa Polski Juniorow - Ekstraliga 2018"]
[Site "Kudowa-Zdroj"]
[Date "1899-12-30"]
[Round "6.29"]
[White "Swiech, Joanna"]
[Black "Sowa, Wiktoria"]
[Result "1/2-1/2"]
[WhiteTitle "k"]
[BlackTitle "k"]
[WhiteElo "1832"]
[BlackElo "1952"]

1. d4 Nf6 2. c4 g6 3. Nc3 d5 4. cxd5 Nxd5 5. e4 Nxc3 6. bxc3 Bg7 7. Nf3 O-O 8.
Be2 c5 9. Rb1 Qa5 10. Rb5 Qxc3+ 11. Bd2 Qa3 12. Qc2 cxd4 13. Bb4 d3 14. Bxd3 Qa6
15. Bxe7 Re8 16. Rc5 Qe6 17. Bh4 Nc6 18. a3 Bd7 19. O-O b6 20. Rd5 Ne7 21. Nd4
Qg4 22. Bxe7 Rxe7 23. Qc7 Be6 24. Qxe7 Bxd5 25. Nb5 Bf8 26. Qe5 Bc6 27. Qc7 Bxb5
28. Bxb5 Bxa3 29. Bc4 Rf8 30. Qxa7 Qxe4 31. Bxf7+ Rxf7 32. Qxa3 Qd4 33. Qa2 Kg7
34. Rb1 b5 35. Qb2 Qxb2 36. Rxb2 Rb7 37. Kf1 Kf6 38. Ke2 Ke5 39. Kd3 Kd5 40. Kc3
Kc5 41. Re2 Rd7 42. Re5+ Kb6 43. Re8 Rc7+ 44. Kb3 Rd7 45. Kc3 1/2-1/2

[Event "Druzynowe Mistrzostwa Polski Juniorow - Ekstraliga 2018"]
[Site "Kudowa-Zdroj"]
[Date "1899-12-30"]
[Round "6.30"]
[White "Starosta, Martyna"]
[Black "Wikar, Martyna"]
[Result "0-1"]
[WhiteTitle "WCM"]
[BlackTitle "I++"]
[WhiteElo "1740"]
[BlackElo "1955"]

1. e4 c5 2. Nf3 Nc6 3. d4 cxd4 4. Nxd4 Nf6 5. Nc3 e5 6. Ndb5 d6 7. Bg5 a6 8. Na3
b5 9. Nd5 Be7 10. Bxf6 Bxf6 11. c3 Bg5 12. Nc2 O-O 13. Be2 Be6 14. Nce3 g6 15.
O-O Kh8 16. a4 Rb8 17. axb5 axb5 18. Qd3 f5 19. f3 Qd7 20. Rfd1 h5 21. Nc2 h4
22. Na3 Na7 23. c4 h3 24. Nxb5 Nxb5 25. cxb5 hxg2 26. Kxg2 Qh7 27. Rg1 Qh4 28.
Kh1 Rb7 29. Rg2 Rh7 30. Ne3 Bf4 31. Nf1 Rd8 32. Kg1 fxe4 33. Qxe4 Bh3 34. Rf2
Qg5+ 35. Kh1 Qh4 36. Rg2 Bxg2+ 37. Kxg2 d5 38. Qb4 Qg5+ 39. Kf2 Bxh2 40. Qg4 Qxg4
41. fxg4 Bf4 42. Ra6 g5 43. Re6 Rh3 44. b6 Rb3 45. Ba6 Rb8 46. b7 Rxb2+ 47. Ke1
R8xb7 48. Bxb7 Rxb7 49. Rd6 d4 50. Rc6 Rb2 51. Kd1 Kg7 52. Rc7+ Kf6 53. Rh7 e4
54. Rh3 Rb1+ 55. Ke2 d3+ 56. Kf2 d2 57. Nxd2 Bxd2 58. Ke2 Bf4 0-1

[Event "Druzynowe Mistrzostwa Polski Juniorow - Ekstraliga 2018"]
[Site "Kudowa-Zdroj"]
[Date "1899-12-30"]
[Round "7.1"]
[White "Pacan-milej, Kosma"]
[Black "Lukasiewicz, Krzysztof"]
[Result "1/2-1/2"]
[WhiteTitle "FM"]
[BlackTitle "k"]
[WhiteElo "2282"]
[BlackElo "2247"]

1. d4 d5 2. c4 e6 3. Nf3 a6 4. Nbd2 Nf6 5. g3 dxc4 6. Nxc4 c5 7. Bg2 b5 8. Nce5
Bb7 9. Nxf7 Kxf7 10. Ng5+ Ke7 11. Bxb7 Ra7 12. Qb3 c4 13. Qe3 Qd6 14. Bg2 h6 15.
d5 Rd7 16. Nxe6 Kf7 17. Nxf8 Kxf8 18. Qf4 Kf7 19. Qxd6 Rxd6 20. Bf4 Rdd8 21. O-O-O
Rhe8 22. Rhe1 Ng4 23. Bxb8 Rxb8 24. Bh3 h5 25. Bxg4 hxg4 26. Rd4 Rbd8 27. Rxg4
Rxd5 28. Rf4+ Kg8 29. Rd1 Rh5 30. e3 Rxh2 31. Rd6 Rf8 32. Rxf8+ Kxf8 33. Rd2 Ke7
34. Kd1 Rh1+ 35. Ke2 Rb1 36. Kf3 b4 37. Ke4 Rc1 38. Kd4 a5 39. a3 b3 40. Kc5 Rc2
41. Rd1 Rxb2 42. Kxc4 Rxf2 43. Kxb3 Rf3 44. Ka4 1/2-1/2

[Event "Druzynowe Mistrzostwa Polski Juniorow - Ekstraliga 2018"]
[Site "Kudowa-Zdroj"]
[Date "1899-12-30"]
[Round "7.2"]
[White "Sernecki, Franciszek"]
[Black "Raclawicki, Kacper"]
[Result "1-0"]
[WhiteTitle "I+"]
[BlackTitle "I"]
[WhiteElo "2175"]
[BlackElo "1799"]

1. d4 Nf6 2. Nf3 g6 3. c4 Bg7 4. Nc3 d6 5. e4 O-O 6. Be2 e5 7. dxe5 dxe5 8. O-O
c6 9. Qc2 Qc7 10. Rd1 h6 11. a3 Be6 12. b4 Nbd7 13. Bb2 Ne8 14. c5 f5 15. Nd2
f4 16. f3 Qd8 17. Bc4 Qe7 18. Ne2 Kh7 19. Bxe6 Qxe6 20. Qb3 Qe7 21. Nc4 Rf6 22.
Rd3 Re6 23. Rad1 Nef6 24. R1d2 Rb8 25. Rd1 Ra8 26. Kh1 h5 27. Nd6 Rb8 28. R3d2
h4 29. Ng1 Bh6 30. Nh3 Nf8 31. Nf5 Qf7 32. Nxh6 Kxh6 33. Bxe5 Rbe8 34. Bxf4+ Kg7
35. Ng5 Nxe4 36. Nxf7 Nf2+ 37. Rxf2 1-0

[Event "Druzynowe Mistrzostwa Polski Juniorow - Ekstraliga 2018"]
[Site "Kudowa-Zdroj"]
[Date "1899-12-30"]
[Round "7.3"]
[White "Czernecki, Andrzej"]
[Black "Kosior, Jan"]
[Result "0-1"]
[WhiteTitle "II+"]
[BlackTitle "II"]
[WhiteElo "1472"]
[BlackElo "1466"]

1. Nf3 Nf6 2. b3 d5 3. e3 Bf5 4. Bb2 e6 5. Be2 h6 6. O-O Be7 7. Ne5 Nbd7 8. f4
Nxe5 9. Bxe5 Bd6 10. Bb2 c6 11. d3 Qc7 12. d4 g5 13. Bc1 gxf4 14. exf4 Rg8 15.
Qd2 O-O-O 16. Kh1 Rg7 17. Bf3 Ne4 18. Qe3 Rdg8 19. c4 Qe7 20. c5 Qh4 21. cxd6
Ng3+ 22. Kg1 Nxf1 23. Kxf1 Qxh2 24. Qd2 Qh1+ 25. Kf2 Rxg2+ 26. Bxg2 Rxg2+ 27.
Kf3 Qh3# 0-1

[Event "Druzynowe Mistrzostwa Polski Juniorow - Ekstraliga 2018"]
[Site "Kudowa-Zdroj"]
[Date "1899-12-30"]
[Round "7.4"]
[White "Wieczorek, Mikolaj"]
[Black "Matela, Krzysztof"]
[Result "1-0"]
[WhiteTitle "I"]
[BlackTitle "I"]
[WhiteElo "1651"]
[BlackElo "1734"]

1. e4 c5 2. Nf3 Nc6 3. d4 cxd4 4. Nxd4 Qb6 5. Nb3 Nf6 6. Nc3 e6 7. Bd3 a6 8. O-O
Be7 9. Be3 Qc7 10. f4 d6 11. Kh1 b5 12. Qf3 Bb7 13. Rad1 O-O-O 14. a4 b4 15. Nb1
d5 16. N1d2 dxe4 17. Nxe4 Na5 18. Nxa5 Qxa5 19. Bg1 b3 20. Qe2 Nxe4 21. Bxe4 Bxe4
22. Qxe4 Rxd1 23. Rxd1 bxc2 24. Qa8+ Kc7 25. Qa7+ Kc8 26. Qd7+ Kb8 27. Ba7+ Ka8
28. Qc6+ 1-0

[Event "Druzynowe Mistrzostwa Polski Juniorow - Ekstraliga 2018"]
[Site "Kudowa-Zdroj"]
[Date "1899-12-30"]
[Round "7.5"]
[White "Sowa, Wiktoria"]
[Black "Frej, Zofia"]
[Result "1/2-1/2"]
[WhiteTitle "k"]
[BlackTitle "k"]
[WhiteElo "1952"]
[BlackElo "1938"]

1. c4 e6 2. g3 d5 3. Bg2 Nf6 4. Nf3 c5 5. cxd5 exd5 6. d4 Be6 7. O-O Nc6 8. Nc3
Rc8 9. Bg5 Be7 10. dxc5 h6 11. Bxf6 Bxf6 12. Nb5 O-O 13. Rb1 Bf5 14. Nd6 Bxb1
15. Nxc8 Qxc8 16. Qxb1 Qg4 17. Rc1 Qb4 18. b3 Re8 19. e3 Qa3 20. Ne1 Rd8 21. Nd3
Nb4 22. Nxb4 Qxb4 23. Qf5 Qd2 24. Qc2 Qb4 25. Rd1 d4 26. exd4 Rxd4 27. Rf1 Be7
28. Rc1 Bg5 29. Rf1 Be7 30. c6 bxc6 31. Qxc6 Qc5 32. Qe8+ Bf8 33. Re1 Rd2 34.
Re2 Rd1+ 35. Re1 Rd2 36. Re2 Qc1+ 37. Re1 Qc5 1/2-1/2

[Event "Druzynowe Mistrzostwa Polski Juniorow - Ekstraliga 2018"]
[Site "Kudowa-Zdroj"]
[Date "1899-12-30"]
[Round "7.6"]
[White "Scisla, Oliwia"]
[Black "Starosta, Martyna"]
[Result "0-1"]
[WhiteTitle "I+"]
[BlackTitle "WCM"]
[WhiteElo "1345"]
[BlackElo "1740"]

1. e4 e5 2. Bc4 Nf6 3. d3 Bc5 4. Nf3 Nc6 5. O-O a6 6. c3 Ba7 7. Bb3 d6 8. h3 h6
9. Nbd2 g5 10. Nh2 Rg8 11. Ng4 Bxg4 12. hxg4 Qd7 13. Qf3 Nxg4 14. Bxf7+ Qxf7 15.
Qxg4 h5 16. Qf3 Qg6 17. Nc4 O-O-O 18. Qg3 g4 19. Ne3 h4 20. Qxh4 Rd7 21. Re1 Rh7
22. Qg3 Ne7 23. Bd2 Bxe3 24. Bxe3 d5 25. Qxe5 dxe4 26. Qxe4 Qh5 27. g3 Kb8 28.
Kf1 Nf5 29. Qg2 Nxe3+ 30. fxe3 Qb5 31. c4 Qb6 32. Rab1 Rgh8 33. Kg1 Rh3 34. d4
R8h5 35. Rf1 Qh6 36. Qe4 Rxg3+ 37. Kf2 Rf3+ 38. Ke2 Rg3 39. Qe8+ Ka7 40. Qe7 Rh2+
41. Kd1 Qc6 42. b3 Qf3+ 43. Rxf3 Rg1+ 44. Rf1 Rxf1# 0-1

[Event "Druzynowe Mistrzostwa Polski Juniorow - Ekstraliga 2018"]
[Site "Kudowa-Zdroj"]
[Date "1899-12-30"]
[Round "7.7"]
[White "Gumularz, Szymon"]
[Black "Szpar, Milosz"]
[Result "1-0"]
[WhiteTitle "IM"]
[BlackTitle "FM"]
[WhiteElo "2461"]
[BlackElo "2349"]

1. e4 e5 2. Nf3 Nf6 3. d4 Nxe4 4. dxe5 Bc5 5. Qd5 Bxf2+ 6. Kd1 f5 7. Bc4 Qe7 8.
Nc3 c6 9. Qd3 Bb6 10. Rf1 Rf8 11. Bb3 Nc5 12. Qc4 d5 13. exd6 Qxd6+ 14. Bd2 Be6
15. Re1 Kd7 16. Qh4 h6 17. Kc1 Bxb3 18. axb3 g5 19. Qc4 Kc8 20. b4 Nca6 21. h4
g4 22. Bf4 Qd8 23. Ne5 Rf6 24. Rd1 Qe8 25. Nb5 Bc7 26. Nxc7 Nxc7 27. Ra3 Re6 28.
Rad3 b5 29. Qc5 Kb7 30. Rd8 Qe7 31. Qc3 Nd5 32. R1xd5 cxd5 33. Qc8+ 1-0

[Event "Druzynowe Mistrzostwa Polski Juniorow - Ekstraliga 2018"]
[Site "Kudowa-Zdroj"]
[Date "1899-12-30"]
[Round "7.8"]
[White "Mis, Mieszko"]
[Black "Czopor, Maciej"]
[Result "1/2-1/2"]
[WhiteTitle "FM"]
[BlackTitle "k"]
[WhiteElo "2291"]
[BlackElo "2217"]

1. d4 Nf6 2. c4 e6 3. g3 d5 4. Nf3 dxc4 5. Bg2 Nc6 6. O-O Rb8 7. Nc3 b5 8. e4 Be7
9. d5 Nb4 10. Nd4 e5 11. Ndxb5 Ba6 12. Qa4 Bxb5 13. Nxb5 Qd7 14. a3 Rxb5 15. axb4
Rxb4 16. Qxa7 O-O 17. Bd2 Rb3 18. Bc3 Bd6 19. Qa6 Qb5 20. Qxb5 Rxb5 21. Rfc1 Nd7
22. Bf1 Nb6 23. Ra7 Rb8 24. Rca1 g6 25. b4 Kf8 26. R7a5 Nd7 27. Bxc4 R5b7 28.
Ra7 Ke7 29. Kg2 Rxa7 30. Rxa7 Kd8 31. b5 h5 32. Ra1 Ke7 33. Bd2 Nc5 34. f3 Kd7
35. h3 Kd8 36. g4 hxg4 37. hxg4 Ke7 38. Rh1 Nd7 39. Bg5+ Nf6 40. Ra1 Rb6 41. Ra8
Bc5 42. f4 Be3 43. Kf3 Bxf4 44. Bxf4 exf4 45. Kxf4 Ne8 46. e5 f6 47. d6+ cxd6
48. Ra7+ Kd8 49. e6 d5 50. Bxd5 Rxb5 51. e7+ Kc8 52. Bc6 Rb4+ 53. Kg3 Ng7 54.
Bd5 Rd4 55. Be6+ Kb8 56. Rd7 Re4 57. Bf7 f5 58. g5 Rg4+ 59. Kf3 Rxg5 60. Rd8+
Kc7 61. Be6 Rg1 62. Kf2 Rg4 63. Rg8 Ne8 64. Rxe8 Kd6 65. Bd5 Ra4 66. Bf7 g5 67.
Bb3 Rb4 68. Bd1 Re4 69. Rg8 Kxe7 70. Rxg5 Kf6 71. Rg8 Re5 72. Bf3 Ra5 73. Kg3
Ra4 74. Rb8 Kg5 75. Rb3 Kf6 76. Bg2 Rc4 77. Bh3 Rc5 78. Kh4 Ra5 79. Rb6+ Ke5 80.
Kg5 Ke4 81. Re6+ Re5 82. Bxf5+ Kd4 83. Ra6 Re1 84. Ra3 Re2 85. Rd3+ Kc5 86. Kf4
Re8 87. Be4 Rh8 88. Rd1 Kc4 89. Ke3 Rh3+ 90. Bf3 Kc5 91. Rc1+ Kd6 92. Rc6+ Ke5
93. Rc5+ Kd6 94. Ra5 Rh2 95. Be4 Rb2 96. Bd3 Rb4 97. Rg5 Ra4 98. Be4 Ra1 99. Kf4
Rf1+ 100. Bf3 Rf2 101. Rg6+ Kc5 102. Ke3 Ra2 103. Rc6+ Kb5 104. Bd5 Rh2 105. Rc1
Rh4 106. Be4 Rh2 107. Kd4 Rd2+ 108. Ke5 Rh2 109. Bd5 Rh4 110. Kd6 Kb4 111. Rb1+
Kc3 112. Rb3+ Kc2 113. Rg3 Rh8 114. Kc5 Rh4 115. Bc4 Rh8 116. Kb4 Rb8+ 117. Bb5
Kd2 118. Rd3+ Kc2 119. Re3 Kd2 120. Re2+ Kd1 121. Rh2 Rb7 122. Kc4 Rg7 123. Kc3
Rc7+ 124. Bc4 Ke1 125. Re2+ Kd1 126. Rf2 Re7 127. Bd5 Rd7 128. Kd4 Rd8 129. Kc4
Ke1 130. Rh2 Rc8+ 131. Kd3 Rd8 132. Ke3 Kd1 133. Be4 1/2-1/2

[Event "Druzynowe Mistrzostwa Polski Juniorow - Ekstraliga 2018"]
[Site "Kudowa-Zdroj"]
[Date "1899-12-30"]
[Round "7.9"]
[White "Fiedorek, Michal"]
[Black "Chyzy, Jakub"]
[Result "1-0"]
[WhiteTitle "I"]
[BlackTitle "k"]
[WhiteElo "2066"]
[BlackElo "2100"]

1. e4 Nf6 2. e5 Nd5 3. d4 d6 4. c4 Nb6 5. exd6 exd6 6. Bd3 Be7 7. Ne2 O-O 8. O-O
Nc6 9. b3 Bf6 10. Be3 Re8 11. Qd2 Bg4 12. Nbc3 d5 13. c5 Nc8 14. h3 Bxe2 15. Nxe2
N8e7 16. b4 a6 17. a4 a5 18. b5 Nb4 19. Bb1 Qd7 20. g4 Ng6 21. Ng3 Nh4 22. f4
g6 23. Ra3 h6 24. Kh2 Qe7 25. g5 hxg5 26. fxg5 Bg7 27. Qf2 b6 28. Qf4 bxc5 29.
Qxh4 cxd4 30. Bxd4 Bxd4 31. Qxd4 Nc2 32. Bxc2 Qxa3 33. Qxd5 Qd6 34. Qxf7+ Kh8
35. Bxg6 Re2+ 36. Kh1 Re7 37. Qf6+ Qxf6 38. Rxf6 Rd8 39. Kg2 Rd2+ 40. Kf3 Rd8
41. h4 Kg8 42. h5 Red7 43. Be4 Rf7 44. Rxf7 Kxf7 45. h6 1-0

[Event "Druzynowe Mistrzostwa Polski Juniorow - Ekstraliga 2018"]
[Site "Kudowa-Zdroj"]
[Date "1899-12-30"]
[Round "7.10"]
[White "Czernek, Tymon"]
[Black "Luberanski, Jakub"]
[Result "1/2-1/2"]
[WhiteTitle "I++"]
[BlackTitle "I"]
[WhiteElo "1949"]
[BlackElo "1762"]

1. e4 c5 2. Nf3 e6 3. d3 Nc6 4. g3 d5 5. Nbd2 g6 6. Bg2 Bg7 7. O-O Nge7 8. Re1
b6 9. c3 a5 10. a4 d4 11. cxd4 cxd4 12. b3 e5 13. Ba3 O-O 14. Nc4 f6 15. Rb1 Nb4
16. Qd2 Nec6 17. Rec1 Rf7 18. Ne1 Bf8 19. Nc2 Na6 20. Bxf8 Rxf8 21. N2a3 Be6 22.
f4 Nc5 23. Qe2 Rb8 24. Rd1 Kg7 25. h4 Qe7 26. f5 Bf7 27. g4 g5 28. hxg5 fxg5 29.
Kf2 h6 30. Rh1 Nb4 31. Rh3 Qf6 32. Kg1 Rh8 33. Bf1 Rhe8 34. Qh2 Re7 35. Be2 Rh8
36. Kg2 Ree8 37. Nd2 Rh7 38. Nac4 Rhh8 39. Rc1 Na2 40. Rc2 Nb4 41. Rc1 Na2 42.
Ra1 Nb4 43. Rb1 Rh7 44. Rb2 Rhh8 45. Na3 Rh7 46. Qh1 Rhh8 47. Rb1 Rc8 48. Nac4
Rce8 49. Rc1 1/2-1/2

[Event "Druzynowe Mistrzostwa Polski Juniorow - Ekstraliga 2018"]
[Site "Kudowa-Zdroj"]
[Date "1899-12-30"]
[Round "7.11"]
[White "Harazinska, Magdalena"]
[Black "Swiech, Joanna"]
[Result "1/2-1/2"]
[WhiteTitle "k"]
[BlackTitle "k"]
[WhiteElo "1997"]
[BlackElo "1832"]

1. d4 d5 2. c4 e6 3. Nc3 Nf6 4. cxd5 exd5 5. Bg5 c6 6. Qc2 Bd6 7. e3 O-O 8. Bd3
h6 9. Bh4 Re8 10. Nge2 Nbd7 11. h3 b5 12. O-O Bb7 13. Ng3 a6 14. Rae1 c5 15. Nf5
Bf8 16. dxc5 Nxc5 17. Rd1 b4 18. Ne2 Nxd3 19. Qxd3 g5 20. Bg3 Ne4 21. Rc1 Rc8
22. Ned4 Qd7 23. Bh2 Rxc1 24. Rxc1 Rc8 25. Rxc8 Qxc8 26. Qc2 Qxc2 27. Nxc2 Bc8
28. Ncd4 Nc5 29. Nd6 Bd7 30. b3 Nd3 31. Ne2 Bxd6 32. Bxd6 f6 33. Nd4 a5 1/2-1/2

[Event "Druzynowe Mistrzostwa Polski Juniorow - Ekstraliga 2018"]
[Site "Kudowa-Zdroj"]
[Date "1899-12-30"]
[Round "7.12"]
[White "Wikar, Martyna"]
[Black "Pawicka, Magdalena"]
[Result "1-0"]
[WhiteTitle "I++"]
[BlackTitle "I"]
[WhiteElo "1955"]
[BlackElo "1718"]

1. e4 e5 2. Nf3 Nc6 3. d4 exd4 4. Bc4 Nf6 5. e5 d5 6. Bb5 Ne4 7. Nxd4 Bd7 8. Bxc6
bxc6 9. O-O Nc5 10. f4 Be7 11. f5 Bg5 12. b4 Ne4 13. e6 Bc8 14. exf7+ Kf8 15.
Nxc6 Qf6 16. Bxg5 Qxg5 17. Qd4 Ba6 18. Re1 Qxf5 19. Nc3 Nxc3 20. Qxc3 Qf6 21.
Qe3 g6 22. Qh6+ Kxf7 23. Rf1 Bxf1 24. Rxf1 Qxf1+ 25. Kxf1 Ke6 26. Qe3+ Kd7 27.
Ne5+ Kc8 28. Qc5 Rd8 29. a4 Rd6 30. a5 a6 31. Kg1 Kb7 32. b5 axb5 33. Qxb5+ Kc8
34. Nc6 Kd7 35. Nb4+ Ke6 36. a6 Rdd8 37. Qc6+ Ke5 38. Qxc7+ Ke4 39. g3 Rf8 40.
Qd6 Rad8 41. Qe6+ Kf3 42. Nd3 Rb8 43. Ne1# 1-0

[Event "Druzynowe Mistrzostwa Polski Juniorow - Ekstraliga 2018"]
[Site "Kudowa-Zdroj"]
[Date "1899-12-30"]
[Round "7.13"]
[White "Szczurek, Krzysztof"]
[Black "Kosakowski, Jakub"]
[Result "0-1"]
[WhiteTitle "FM"]
[BlackTitle "FM"]
[WhiteElo "2136"]
[BlackElo "2324"]

1. e4 c5 2. Ne2 Nf6 3. e5 Ng4 4. d4 cxd4 5. Qxd4 d6 6. exd6 e5 7. Qa4+ Bd7 8. Qb3
Nc6 9. Nbc3 Bxd6 10. Ne4 Be7 11. h3 Nf6 12. Nxf6+ gxf6 13. Be3 Be6 14. Qa4 Qd6
15. Nc3 O-O 16. Rd1 Qb4 17. Bd3 Rfd8 18. O-O f5 19. f3 Qxb2 20. Nb5 a6 21. Rb1
Qxa2 22. Qxa2 Bxa2 23. Nc7 Bxb1 24. Nxa8 Ba2 25. Nb6 Be6 26. Rb1 Nb4 27. Bf1 Nxc2
28. Bf2 Bg5 29. Na4 b5 30. Nc5 Be3 31. Nxa6 Bxf2+ 32. Kxf2 Rd2+ 33. Kg1 Bc4 34.
Bxc4 bxc4 35. Nc5 Ne3 36. g4 c3 37. Nb3 f4 0-1

[Event "Druzynowe Mistrzostwa Polski Juniorow - Ekstraliga 2018"]
[Site "Kudowa-Zdroj"]
[Date "1899-12-30"]
[Round "7.14"]
[White "Pytel, Maciej"]
[Black "Warchol, Bartosz"]
[Result "1-0"]
[WhiteTitle "I++"]
[BlackTitle "I++"]
[WhiteElo "2051"]
[BlackElo "1950"]

1. e4 e5 2. Nf3 Nc6 3. Bc4 Bc5 4. c3 Nf6 5. d3 d6 6. Bb3 a6 7. Nbd2 h6 8. h3 Ba7
9. Nf1 O-O 10. g4 d5 11. Qe2 Qd6 12. Ng3 Be6 13. g5 dxe4 14. dxe4 hxg5 15. Bxg5
Bxb3 16. axb3 Ne7 17. Rg1 Ng6 18. h4 Qe6 19. Nf5 Nh5 20. Nd2 f6 21. Qxh5 fxg5
22. Qxg5 Rf6 23. h5 Raf8 24. O-O-O Bxf2 25. Rg2 Rxf5 26. exf5 Rxf5 27. Qxg6 Qd7
28. Nc4 1-0

[Event "Druzynowe Mistrzostwa Polski Juniorow - Ekstraliga 2018"]
[Site "Kudowa-Zdroj"]
[Date "1899-12-30"]
[Round "7.15"]
[White "Jozefczyk, Szymon"]
[Black "Karolczuk, Iwo"]
[Result "0-1"]
[WhiteTitle "II"]
[BlackTitle "I"]
[WhiteElo "1734"]
[BlackElo "1783"]

1. e4 c5 2. Nf3 e6 3. d3 Nc6 4. g3 d6 5. Bg2 Nf6 6. O-O g6 7. c3 Bg7 8. Re1 e5
9. Nbd2 O-O 10. Qc2 Nh5 11. a3 a5 12. Nf1 h6 13. Bd2 Be6 14. b4 b6 15. Reb1 f5
16. bxc5 bxc5 17. Rb7 a4 18. c4 fxe4 19. dxe4 Bc8 20. Rbb1 Bg4 21. Ne1 Nd4 22.
Qb2 Ne2+ 23. Kh1 Nd4 24. Kg1 Be6 25. Ne3 Qf6 26. Nd3 Nf3+ 27. Kh1 Ng5 28. Rf1
Bh3 29. Ne1 Bxg2+ 30. N1xg2 Nxe4 31. Be1 Qe6 32. Qc2 Ng5 33. Rd1 Nf3 34. g4 Nf4
35. Nxf4 exf4 36. Nd5 Qxg4 37. Bc3 Bxc3 38. Qxc3 Qh3 39. Ne7+ Kh7 40. Nxg6 Qxh2#
0-1

[Event "Druzynowe Mistrzostwa Polski Juniorow - Ekstraliga 2018"]
[Site "Kudowa-Zdroj"]
[Date "1899-12-30"]
[Round "7.16"]
[White "Szydlo, Michal"]
[Black "Swiech, Lukasz"]
[Result "1-0"]
[WhiteTitle "I"]
[BlackTitle "II"]
[WhiteElo "1697"]
[BlackElo "1591"]

1. e4 c5 2. Nf3 Nc6 3. d4 cxd4 4. Nxd4 e5 5. Nb5 a6 6. Nd6+ Bxd6 7. Qxd6 Qf6 8.
Qxf6 Nxf6 9. Nc3 Nb4 10. Bd3 d5 11. Bg5 dxe4 12. Nxe4 Nxe4 13. Bxe4 f5 14. Bd2
Nc6 15. Bxc6+ bxc6 16. Bc3 e4 17. O-O-O Be6 18. Rd4 Bd5 19. Rhd1 O-O 20. Bb4 Rfc8
21. Bd6 Rd8 22. Bc5 Re8 23. g3 Kf7 24. b3 Rec8 25. c4 Be6 26. Rd6 Rab8 27. Kc2
Rb7 28. Rd8 Rbb8 29. Rxc8 Rxc8 30. Rd6 Rc7 31. h4 h5 32. Kc3 Bd7 33. Kb4 Be8 34.
Ka5 Rc8 35. Kb6 Ke7 36. Rxc6+ Kd7 37. Rxc8 Kxc8 38. Bd4 g6 39. Kxa6 Kc7 40. a3
Bf7 41. Kb5 Be8+ 42. Kc5 Bc6 43. Be3 Bd7 44. a4 Kb7 45. a5 Ka6 46. b4 Be6 47.
Bd2 Bf7 48. b5+ Kb7 49. a6+ Ka7 50. Be3 Kb8 51. Kb4 Ka8 52. c5 Bd5 53. c6 Kb8
54. Kc5 Be6 55. b6 1-0

[Event "Druzynowe Mistrzostwa Polski Juniorow - Ekstraliga 2018"]
[Site "Kudowa-Zdroj"]
[Date "1899-12-30"]
[Round "7.17"]
[White "Surpeta, Julia"]
[Black "Koruch, Maria"]
[Result "1-0"]
[WhiteTitle "I"]
[BlackTitle "I"]
[WhiteElo "1611"]
[BlackElo "1714"]

1. e4 c5 2. Nf3 Nc6 3. Nc3 Nf6 4. Bb5 Qc7 5. O-O Nd4 6. Nxd4 cxd4 7. Nd5 Nxd5 8.
exd5 Qc5 9. c4 a6 10. b4 Qxb4 11. Ba4 b5 12. Bc2 bxc4 13. Qf3 d6 14. Ba3 Qa5 15.
Rfe1 Bg4 16. Qg3 Kd8 17. Bxd6 exd6 18. Qxg4 Kc7 19. Qxd4 Qc5 20. Qf4 f6 21. Ba4
Qxd5 22. Rac1 Qd3 23. Qxc4+ Qxc4 24. Rxc4+ Kb6 25. Rb1+ Ka5 26. Bc6 1-0